00662 2200229 4500001002100000005001500021035002000036245012300056100002600179250000600205300003500211700002300246260003600269082001000305084001600315020002200331650001100353990001700364990001700381990001700398990001700415INLIS00000000000001820180723101727 a0010-07180000181 aTerjemah Adabul 'alim Wal Muta'alim :bKajian Tentang Akhlaq /cSyeikh Hasyim Asy'ari; Alih Bahasa, Drs. Zaenuri Siroj0 aSyeikh Hasyim Asy'ari a- aix, 70 hlm. :bilus. ;c25 cm.0 aDrs. Zaenuri Siroj aJakarta :bcv Megah Jaya,c2009 a297.5 a297.5 SYE t a978-602-838-233-5 aAkhlaq a00064/P/2018 a00065/P/2018 a00066/P/2018 a00067/P/2018